Statistics for Asia Map Quiz

Click here to take the quiz!

General Stats

  • This quiz has been taken 16 times
  • The average score is 40 of 48

Answers on the Map

Answers color-coded by a green-red scale on the quiz's map according to % correct below.
 

Answer Stats

Country% Correct
Kazakhstan
100%
Turkey
100%
Afghanistan
89%
Armenia
89%
Azerbaijan
89%
Bangladesh
89%
Brunei
89%
China
89%
Cyprus
89%
East Timor
89%
Indonesia
89%
Iran
89%
Iraq
89%
Japan
89%
Malaysia
89%
Mongolia
89%
Myanmar
89%
Nepal
89%
North Korea
89%
Oman
89%
Philippines
89%
Saudi Arabia
89%
Singapore
89%
South Korea
89%
Taiwan
89%
Thailand
89%
Turkmenistan
89%
Uzbekistan
89%
Yemen
89%
Bahrain
78%
Bhutan
78%
Cambodia
78%
Georgia
78%
India
78%
Israel
78%
Maldives
78%
Pakistan
78%
Qatar
78%
Sri Lanka
78%
Syria
78%
United Arab Emirates
78%
Vietnam
78%
Kuwait
67%
Kyrgyzstan
67%
Laos
67%
Lebanon
56%
Tajikistan
56%
Jordan
44%

Score Distribution

Percentile by Number Answered

Percent of People with Each Score

Your Score History

You have not taken this quiz